| 000 | 00509nam a2200205Ia 4500 | ||
|---|---|---|---|
| 003 | 0100 | ||
| 008 | 130227s9999 xx 000 0 und d | ||
| 040 | _cARRUPELIB | ||
| 050 | _aB395.C3 | ||
| 100 | _aCantor, Norman F. | ||
| 245 | _aPlato and aristotle | ||
| 245 | _bancient thought | ||
| 260 | _aLondon | ||
| 260 | _bBlaisdell | ||
| 260 | _C1969 | ||
| 300 | _aviii | ||
| 300 | _b 194p. 23cm. | ||
| 650 | _bGeriatrics-moral and ethical aspects-congress, Medical ethics-congresses | ||
| 942 |
_2lcc _04 |
||
| 999 |
_c4745 _d4745 |
||